Les sites internet les plus visités - Statistiques

Statistiques générales
  • Ce quiz a été pris 653 fois
  • Le résultat moyen est 6 sur 14
Statistiques - réponses
Nombre de visite Réponse % Correct
136 590 092 933 Google
91%
94 563 524 569 Youtube
78%
14 158 977 760 Facebook
72%
5 746 137 066 Pornhub
72%
6 710 452 679 Instagram
62%
5 887 350 622 Twitter
54%
3 151 277 701 Amazon
51%
6 851 794 627 Wikipedia
40%
3 581 936 653 Yahoo
29%
3 641 243 636 Whatsapp
18%
3 514 829 849 Bing
15%
5 231 994 442 Reddit
13%
3 910 514 903 xvideos
9%
3 115 384 329 Duckduckgo
1%
Aucun quiz correspondant
Distribution des résultats
% des personnes avec chaque résultat
Percentile par nombre de réponses
Votre historique - résultats
Vous n’avez pas pris ce quiz